000 00282nam a2200121Ia 4500
008 190216s9999||||xx |||||||||||||| ||und||
100 _aDash Un
245 0 _aNuclear Chemistry
260 _bSulthan Chand&Sons
_c1991
300 _a610p
650 _aChemistry-Chemistry
942 _cBK
999 _c3032
_d3032